[Event "Hastings Masters"]
[Site "?"]
[Date "2010.01.04"]
[Round "8"]
[White "Drozdovskij, Yuri"]
[Black "Howell, David W L"]
[Result "1/2-1/2"]
[WhiteElo "2625"]
[BlackElo "2597"]
[PlyCount "43"]
[EventDate "2010.??.??"]
[SourceDate "2010.01.04"]
[TimeControl "40/6000+30:20/3000+30:900+30"]

1. d4 Nf6 2. c4 g6 3. Nf3 Bg7 4. Nc3 d5 5. Bf4 O-O 6. e3 c5 7. dxc5 Ne4 8. Rc1
Nxc3 9. bxc3 dxc4 10. Qxd8 Rxd8 11. Bxc4 Nd7 12. Rd1 Rf8 13. Bg5 Bxc3+ 14. Ke2
Bf6 15. Bxf6 exf6 16. Rd5 Re8 17. Rb1 Re7 18. Nd4 Ne5 19. Bb5 Bg4+ 20. f3 Be6
21. Nxe6 fxe6 22. Rd6 1/2-1/2

[Event "Hastings Masters"]
[Site "?"]
[Date "2010.01.04"]
[Round "8"]
[White "Istratescu, Andrei ROU"]
[Black "Ansell, Simon T"]
[Result "1-0"]
[WhiteElo "2624"]
[BlackElo "2387"]
[PlyCount "83"]
[EventDate "2010.??.??"]
[SourceDate "2010.01.04"]
[TimeControl "40/6000+30:20/3000+30:900+30"]

1. e4 c5 2. Nf3 Nc6 3. d4 cxd4 4. Nxd4 e5 5. Nb5 d6 6. N1c3 a6 7. Na3 b5 8. Nd5
Nf6 9. c4 b4 10. Nxf6+ Qxf6 11. Qd5 Bd7 12. Nc2 Rb8 13. Be2 Qd8 14. h3 Qc8 15.
b3 Be7 16. Bg4 Be6 17. Qd1 O-O 18. O-O Bxg4 19. Qxg4 a5 20. Rd1 Nd8 21. Ne3
Qxg4 22. hxg4 Nb7 23. Nd5 Bd8 24. Be3 h6 25. g3 Re8 26. Kg2 Rc8 27. a3 bxa3 28.
Rxa3 Nc5 29. Nc3 Re6 30. f3 Kf8 31. Rd5 Bb6 32. Kf2 Rb8 33. Ke2 Ke8 34. Nb5 Kd7
35. Bxc5 Bxc5 36. Rxa5 Rc8 37. Ra4 Ke7 38. b4 Bb6 39. Ra6 Rb8 40. Rxd6 Rxd6 41.
Nxd6 Kxd6 42. Rxb6+ 1-0

[Event "Hastings Masters"]
[Site "?"]
[Date "2010.01.04"]
[Round "8"]
[White "Hebden, Mark L"]
[Black "Philippe, Christophe"]
[Result "1-0"]
[WhiteElo "2522"]
[BlackElo "2430"]
[PlyCount "155"]
[EventDate "2010.??.??"]
[SourceDate "2010.01.04"]
[TimeControl "40/6000+30:20/3000+30:900+30"]

1. d4 Nf6 2. Nf3 e6 3. e3 c5 4. c4 b6 5. Nc3 cxd4 6. exd4 Bb7 7. Bd3 Be7 8. O-O
d5 9. cxd5 Nxd5 10. Ne5 O-O 11. Qh5 g6 12. Qh3 Nc6 13. Bh6 Re8 14. Bb5 Rc8 15.
Rad1 Nxc3 16. bxc3 Bf8 17. Rfe1 Bxh6 18. Qxh6 Qf6 19. Ng4 Qg7 20. Qh4 Red8 21.
Re3 g5 22. Qh3 Ne7 23. Re5 Nf5 24. Rde1 Kf8 25. Ne3 Ne7 26. Bc4 h6 27. Bxe6
fxe6 28. Qxe6 Rc6 29. Qb3 Bc8 30. Qa3 Rcd6 31. Nc4 R6d7 32. R5e3 Bb7 33. Ne5
Rd6 34. Ng4 Nf5 35. Re5 Bc8 36. Ne3 Nxe3 37. R1xe3 Qg6 38. Qxa7 R6d7 39. Qa3+
Qd6 40. Qb3 Rf7 41. h3 Kg7 42. f3 Rdf8 43. Qb2 Qf6 44. c4 Bd7 45. Rb3 Qf4 46.
Re4 Qg3 47. d5+ Kh7 48. Qf2 Qxf2+ 49. Kxf2 Bf5 50. Rd4 Ra8 51. a3 Ra6 52. g4
Bd7 53. Re4 Kg7 54. Ke3 Ba4 55. Rc3 Bd7 56. Kd4 Ra4 57. Ke5 Rf6 58. f4 gxf4 59.
Rf3 Ra8 60. Rexf4 Rxf4 61. Rxf4 Rxa3 62. Kd6 Be8 63. Kc7 Rxh3 64. Kxb6 Rd3 65.
Kc7 Kg6 66. d6 Kg5 67. Rf8 Rc3 68. Rxe8 Rxc4+ 69. Kb6 Rd4 70. Kc5 Rd1 71. Re4
Kf6 72. Kc6 Kf7 73. d7 Rc1+ 74. Kd6 Rd1+ 75. Kc7 Rc1+ 76. Kd8 Rd1 77. Re7+ Kf8
78. Re6 1-0

[Event "Hastings Masters"]
[Site "?"]
[Date "2010.01.04"]
[Round "8"]
[White "Greet, Andrew N"]
[Black "Gormally, Daniel W"]
[Result "0-1"]
[WhiteElo "2423"]
[BlackElo "2479"]
[PlyCount "60"]
[EventDate "2010.??.??"]
[SourceDate "2010.01.04"]
[TimeControl "40/6000+30:20/3000+30:900+30"]

1. e4 c5 2. Be2 Nc6 3. f4 d6 4. Nf3 Nf6 5. d3 Bg4 6. O-O e6 7. Nbd2 Be7 8. h3
Bxf3 9. Nxf3 O-O 10. Be3 c4 11. Qd2 cxd3 12. cxd3 e5 13. Rac1 Rc8 14. a3 a6 15.
b4 exf4 16. Bxf4 d5 17. e5 Nh5 18. Bh2 g6 19. Bd1 Ng7 20. Bb3 a5 21. Qa2 axb4
22. a4 Nf5 23. Bxd5 Ne3 24. Bxc6 Nxf1 25. Rxf1 bxc6 26. e6 Qd5 27. exf7+ Rxf7
28. Qxd5 cxd5 29. Rb1 Rc3 30. Ne5 Bc5+ 0-1

[Event "Hastings Masters"]
[Site "?"]
[Date "2010.01.04"]
[Round "8"]
[White "Bates, Richard A"]
[Black "Arkell, Keith C"]
[Result "1/2-1/2"]
[WhiteElo "2383"]
[BlackElo "2464"]
[PlyCount "69"]
[EventDate "2010.??.??"]
[SourceDate "2010.01.04"]
[TimeControl "40/6000+30:20/3000+30:900+30"]

1. d4 e6 2. Nf3 Nf6 3. c4 Bb4+ 4. Bd2 Bxd2+ 5. Qxd2 d5 6. e3 O-O 7. Bd3 Nbd7 8.
O-O dxc4 9. Bxc4 a6 10. Qc2 Qe7 11. Nbd2 e5 12. Bd3 exd4 13. exd4 Nb6 14. Rfe1
Qd8 15. Re5 Nbd5 16. Rae1 Nb4 17. Qc4 Nxd3 18. Qxd3 Be6 19. Ne4 h6 20. Nxf6+
Qxf6 21. d5 Bd7 22. Qc3 Qd6 23. Nd4 g6 24. R1e3 Kh7 25. h4 Rae8 26. Qe1 Rxe5
27. Rxe5 h5 28. Qe4 Kg7 29. f4 Qf6 30. Re7 Rd8 31. Nf3 Kf8 32. Ng5 Qxe7 33.
Nh7+ Ke8 34. Nf6+ Kf8 35. Nh7+ 1/2-1/2

[Event "Hastings Masters"]
[Site "?"]
[Date "2010.01.04"]
[Round "8"]
[White "Hawkins, Jonathan"]
[Black "Zdebskaja, Natalia"]
[Result "1/2-1/2"]
[WhiteElo "2383"]
[BlackElo "2408"]
[PlyCount "95"]
[EventDate "2010.??.??"]
[SourceDate "2010.01.04"]
[TimeControl "40/6000+30:20/3000+30:900+30"]

1. d4 Nf6 2. c4 e6 3. Nc3 Bb4 4. f3 O-O 5. e4 d5 6. cxd5 exd5 7. e5 Nfd7 8. a3
Bxc3+ 9. bxc3 f6 10. exf6 Qe8+ 11. Kf2 Nxf6 12. Bd3 Ne4+ 13. Bxe4 dxe4 14. Qb3+
Kh8 15. f4 Nc6 16. Ne2 Na5 17. Qa2 c6 18. c4 Be6 19. d5 cxd5 20. cxd5 Bg8 21.
Be3 Qh5 22. Rhd1 Rfd8 23. Ng3 Qf7 24. Rac1 Nc6 25. Nxe4 Rxd5 26. Rxd5 Qxd5 27.
Qxd5 Bxd5 28. Nd6 b6 29. Rd1 Ne7 30. f5 Bb3 31. Rc1 Nd5 32. Bd4 Kg8 33. Kf3 Kf8
34. g4 Rd8 35. Rc8 Rxc8 36. Nxc8 Bd1+ 37. Kg3 h5 38. h3 hxg4 39. hxg4 Kf7 40.
Nxa7 g6 41. Nc8 gxf5 42. gxf5 Ba4 43. Kf3 Bd7 44. Nd6+ Ke7 45. Be5 b5 46. Ke4
Nf6+ 47. Kd4 Ne8 48. Nxe8 1/2-1/2

[Event "Hastings Masters"]
[Site "?"]
[Date "2010.01.04"]
[Round "8"]
[White "Jackson, James P"]
[Black "Breder, Dennis"]
[Result "0-1"]
[WhiteElo "2067"]
[BlackElo "2427"]
[PlyCount "112"]
[EventDate "2010.??.??"]
[SourceDate "2010.01.04"]
[TimeControl "40/6000+30:20/3000+30:900+30"]

1. e4 c5 2. Nf3 Nc6 3. d4 cxd4 4. Nxd4 e5 5. Nb5 d6 6. N1c3 a6 7. Na3 Be6 8.
Nc4 Rb8 9. a4 h6 10. Be3 Nf6 11. Bb6 Qd7 12. Ne3 Ne7 13. Ned5 Nexd5 14. exd5
Bf5 15. f3 h5 16. h4 g6 17. Be3 Bg7 18. Be2 e4 19. Bd4 exf3 20. Bxf3 O-O 21.
O-O Rbc8 22. Be2 Qd8 23. g3 Re8 24. Bd3 Bh3 25. Qf3 Re5 26. Bxe5 Qb6+ 27. Kh1
dxe5 28. a5 Qc7 29. Rfe1 Ng4 30. Bf1 Bxf1 31. Rxf1 f5 32. d6 Qxd6 33. Rad1 Qb8
34. Qd5+ Kh7 35. Qd6 Ne3 36. Qxb8 Rxb8 37. Rfe1 Nxd1 38. Rxd1 b6 39. axb6 Rxb6
40. Na4 Rc6 41. c3 Kh6 42. Kg2 Bf6 43. b3 g5 44. hxg5+ Kxg5 45. c4 e4 46. Rd5
Kg4 47. Nc5 h4 48. gxh4 Bxh4 49. Nd7 Bg3 50. c5 Rh6 51. Ne5+ Bxe5 52. Rxe5 Kf4
53. Rd5 Rg6+ 54. Kf1 Rg3 55. b4 Rc3 56. Rd6 Kf3 0-1

[Event "Hastings Masters"]
[Site "?"]
[Date "2010.01.04"]
[Round "8.9"]
[White "Martin, Andrew D"]
[Black "Demac, Elias"]
[Result "1/2-1/2"]
[WhiteElo "2423"]
[BlackElo "2084"]
[PlyCount "41"]
[EventDate "2010.??.??"]
[SourceDate "2010.01.04"]

1. d4 d5 2. c4 c6 3. Nc3 Nf6 4. cxd5 cxd5 5. Bf4 a6 6. e3 Bf5 7. Nf3 Nc6 8. Bd3
Bxd3 9. Qxd3 e6 10. O-O Be7 11. Rfc1 O-O 12. Bg5 h6 13. Bxf6 Bxf6 14. Na4 Be7
15. Nc5 Bxc5 16. Rxc5 Qb6 17. Qc3 Rad8 18. h3 Rfe8 19. Rc1 Ne7 20. Nd2 Qd6 21.
Qb3 1/2-1/2

[Event "Hastings Masters"]
[Site "?"]
[Date "2010.01.04"]
[Round "8.10"]
[White "Eames, Robert S"]
[Black "Kjartansson, Gudmundur"]
[Result "1-0"]
[WhiteElo "2276"]
[BlackElo "2391"]
[PlyCount "51"]
[EventDate "2010.??.??"]
[SourceDate "2010.01.04"]

1. e4 e5 2. f4 exf4 3. Nf3 g5 4. d4 d6 5. h4 g4 6. Ng1 Bh6 7. Nc3 c6 8. Nge2
Qf6 9. g3 fxg3 10. Nxg3 Bxc1 11. Rxc1 h5 12. e5 dxe5 13. Nce4 Qe7 14. Bc4 f5
15. O-O Nh6 16. dxe5 fxe4 17. Nxe4 Nd7 18. e6 Kd8 19. Qd4 Re8 20. exd7 Bxd7 21.
Nc5 Kc7 22. Rcd1 Rad8 23. Rfe1 Qf8 24. Rxe8 Qxe8 25. Qd6+ Kc8 26. Ne6 1-0

[Event "Hastings Masters"]
[Site "?"]
[Date "2010.01.04"]
[Round "8.11"]
[White "Strunski, Andreas"]
[Black "Sreeves, Clement"]
[Result "1-0"]
[WhiteElo "2386"]
[BlackElo "2061"]
[PlyCount "67"]
[EventDate "2010.??.??"]
[SourceDate "2010.01.04"]

1. d4 Nf6 2. c4 g6 3. Nc3 Bg7 4. e4 d6 5. Nge2 Nbd7 6. f3 O-O 7. Bg5 a6 8. Qd2
c5 9. d5 b5 10. cxb5 Qa5 11. Nc1 axb5 12. Nb3 Qb6 13. Nxb5 Ne5 14. Be3 e6 15.
Be2 exd5 16. exd5 Nxd5 17. Qxd5 Be6 18. Qd1 Nc4 19. Bxc4 Bxc4 20. Nc3 Rfe8 21.
Kf2 Rxe3 22. Kxe3 Re8+ 23. Kf2 Bd3 24. Nd5 Qa7 25. Re1 c4+ 26. Kg3 Re5 27. Rxe5
Bxe5+ 28. f4 Bxb2 29. Qd2 Qa3 30. Re1 Kg7 31. Nc1 Be2+ 32. Qe3 Qxe3+ 33. Nxe3
Bh5 34. Nxc4 1-0

[Event "Hastings Masters"]
[Site "?"]
[Date "2010.01.04"]
[Round "8.12"]
[White "Anderson, John"]
[Black "Mitchell, Martin"]
[Result "0-1"]
[WhiteElo "2209"]
[BlackElo "2195"]
[PlyCount "74"]
[EventDate "2010.??.??"]
[SourceDate "2010.01.04"]

1. e4 g6 2. d4 Bg7 3. Nf3 d6 4. Be2 a6 5. c4 Bg4 6. Ng1 h5 7. Nc3 Nc6 8. h3
Bxe2 9. Ngxe2 e5 10. Be3 exd4 11. Nxd4 Nxd4 12. Bxd4 Bxd4 13. Qxd4 Qf6 14. Qe3
Ne7 15. O-O-O O-O-O 16. Qa7 Nc6 17. Qa8+ Kd7 18. Qxb7 Qxf2 19. Nd5 Qa7 20. Nf6+
Ke6 21. Qxc6 Kxf6 22. Rhf1+ Kg7 23. Rf3 Rhe8 24. Qd5 Rd7 25. Rdf1 Ree7 26. g4
hxg4 27. hxg4 Qc5 28. Qd3 Qg5+ 29. Rf4 Re5 30. Qd2 Rde7 31. Rh1 Re8 32. Qh2 f5
33. gxf5 Rxe4 34. f6+ Kf7 35. Qh7+ Ke6 36. Qh3+ Ke5 37. Qc3+ Kxf4 0-1

[Event "Hastings Masters"]
[Site "?"]
[Date "2010.01.04"]
[Round "8.13"]
[White "Snape, Ian L"]
[Black "Williams, Simon K"]
[Result "1-0"]
[WhiteElo "2176"]
[BlackElo "2550"]
[PlyCount "94"]
[EventDate "2010.??.??"]
[SourceDate "2010.01.04"]

1. e4 e6 2. d4 d5 3. Nc3 Bb4 4. e5 Ne7 5. a3 Bxc3+ 6. bxc3 c5 7. Qg4 Qc7 8.
Qxg7 Rg8 9. Qxh7 cxd4 10. Ne2 dxc3 11. f4 Nbc6 12. Qd3 Nf5 13. Qxc3 d4 14. Qd3
b6 15. Rg1 Qe7 16. h3 Bb7 17. g4 Nh4 18. Rg3 O-O-O 19. Bb2 f6 20. exf6 Qxf6 21.
O-O-O e5 22. fxe5 Nxe5 23. Qb3 Nef3 24. Bxd4 Qg5+ 25. Kb2 Rge8 26. Rd3 Nh2 27.
Qc3+ Kb8 28. Be5+ Ka8 29. Rxd8+ Rxd8 30. Bf6 Qb5+ 31. Qb3 Qxb3+ 32. Rxb3 Re8
33. Bxh4 Nxf1 34. Nf4 Ne3 35. Rd3 Nc4+ 36. Ka2 b5 37. Rd8+ Rxd8 38. Bxd8 Be4
39. Kb3 Kb7 40. g5 a5 41. a4 Kc6 42. Ne2 Ne3 43. axb5+ Kc5 44. Be7+ Kb6 45. Nd4
Nf5 46. Bd8+ Kc5 47. Nxf5 a4+ 1-0

[Event "Hastings Masters"]
[Site "?"]
[Date "2010.01.04"]
[Round "8.14"]
[White "Rayner, Francis"]
[Black "Eggleston, David J"]
[Result "0-1"]
[WhiteElo "2153"]
[BlackElo "2367"]
[PlyCount "82"]
[EventDate "2010.??.??"]
[SourceDate "2010.01.04"]

1. Nf3 Nf6 2. c4 b6 3. g3 Bb7 4. Bg2 e6 5. O-O Be7 6. d4 O-O 7. Nc3 Na6 8. a3
d6 9. d5 c5 10. e4 Nc7 11. Ne1 e5 12. Nd3 Nd7 13. f4 Bf6 14. Be3 a6 15. Rc1 b5
16. b3 Re8 17. Qd2 Rb8 18. f5 Bc8 19. Ne2 a5 20. h4 a4 21. b4 bxc4 22. Nb2 c3
23. Qxc3 Ba6 24. Rfe1 Nb5 25. Qd2 Nd4 26. Nxd4 exd4 27. Bf4 Ne5 28. bxc5 dxc5
29. Nxa4 c4 30. Nc5 c3 31. Qd1 Qa5 32. Nxa6 Qxa6 33. Kh1 Rb2 34. Qxd4 Nf3 35.
Qe3 Nxe1 36. Rxe1 c2 37. e5 Rb1 38. e6 fxe6 39. fxe6 Bb2 40. d6 c1=Q 41. Rxc1
Bxc1 0-1

[Event "Hastings Masters"]
[Site "?"]
[Date "2010.01.04"]
[Round "8.15"]
[White "Kolbus, Dietmar"]
[Black "Griffiths, Ryan Rhys"]
[Result "1/2-1/2"]
[WhiteElo "2355"]
[BlackElo "2148"]
[PlyCount "107"]
[EventDate "2010.??.??"]
[SourceDate "2010.01.04"]

1. Nf3 c5 2. b3 d6 3. d4 cxd4 4. Nxd4 e5 5. Nf3 e4 6. Nd4 d5 7. e3 Nf6 8. Be2
Nc6 9. Bb2 Bc5 10. Nxc6 bxc6 11. c4 O-O 12. Nc3 d4 13. exd4 Bxd4 14. O-O c5 15.
Qc2 Qe7 16. Nb5 Bxb2 17. Qxb2 a6 18. Nc3 Bb7 19. Rad1 Rad8 20. Rxd8 Rxd8 21.
Nd1 Nd7 22. Ne3 Ne5 23. Rd1 Rxd1+ 24. Nxd1 Qd6 25. Ne3 g6 26. Qc1 f5 27. g3 Nd3
28. Qb1 Qd4 29. Kf1 g5 30. Qd1 f4 31. gxf4 gxf4 32. Bxd3 fxe3 33. Qg4+ Kh8 34.
Be2 Qa1+ 35. Kg2 exf2 36. Kxf2 Qf6+ 37. Kg3 Qc3+ 38. Kh4 Qe5 39. Qg3 Qf6+ 40.
Qg5 Qf2+ 41. Qg3 Qxe2 42. Qb8+ Kg7 43. Qxb7+ Kf8 44. Qc8+ Kf7 45. Qf5+ Ke8 46.
Qe6+ Kf8 47. Qf6+ Kg8 48. Qg5+ Kf7 49. Qd5+ Kf6 50. Qd6+ Kf7 51. Qd7+ Kf6 52.
Qc6+ Kf7 53. Qb7+ Ke8 54. Qc8+ 1/2-1/2

[Event "Hastings Masters"]
[Site "?"]
[Date "2010.01.04"]
[Round "8.16"]
[White "Green, Andrew D"]
[Black "Giffard, Nicolai"]
[Result "0-1"]
[WhiteElo "2151"]
[BlackElo "2351"]
[PlyCount "88"]
[EventDate "2010.??.??"]
[SourceDate "2010.01.04"]

1. e4 c6 2. d4 d5 3. e5 Bf5 4. Be3 e6 5. Nd2 Qb6 6. Nb3 a5 7. a4 Bb4+ 8. c3 Be7
9. f4 Bh4+ 10. Bf2 Bxf2+ 11. Kxf2 Nd7 12. Be2 f6 13. g4 Be4 14. Nf3 fxe5 15.
fxe5 Ne7 16. Kg3 O-O 17. Rf1 h6 18. Nfd2 Bh7 19. Rxf8+ Rxf8 20. Qg1 Bc2 21. Bd1
Bh7 22. Be2 Bc2 23. Bd1 Bxd1 24. Rxd1 c5 25. Nxc5 Nxc5 26. dxc5 Qxb2 27. Qe3
Qa3 28. Rb1 d4 29. Qxd4 Nd5 30. Rxb7 Nxc3 31. Kh4 Nd5 32. Rb3 Qc1 33. Rf3 Nf4
34. Qf2 g5+ 35. Kg3 Rd8 36. Ne4 Rd4 37. Rxf4 gxf4+ 38. Kh4 Kg7 39. c6 Qe3 40.
Qb2 Qxe4 41. c7 Kg6 42. Qb3 Qe1+ 43. Kh3 Kg5 44. Qf3 Rd2 0-1

[Event "Hastings Masters"]
[Site "?"]
[Date "2010.01.04"]
[Round "8.17"]
[White "Knott, Simon J B"]
[Black "Maduekwe, Chiedu"]
[Result "0-1"]
[WhiteElo "2348"]
[BlackElo "2182"]
[PlyCount "102"]
[EventDate "2010.??.??"]
[SourceDate "2010.01.04"]

1. Nf3 d5 2. d4 Nf6 3. c4 c6 4. e3 e6 5. Bd3 dxc4 6. Bxc4 Nbd7 7. O-O Bd6 8. b3
O-O 9. Bb2 Qe7 10. Nbd2 b6 11. Be2 Bb7 12. Nc4 Bc7 13. a4 c5 14. a5 b5 15. Nce5
a6 16. Nxd7 Nxd7 17. Rc1 Rfd8 18. Qc2 Rac8 19. Qb1 Bxa5 20. Qa1 Bb4 21. Rfd1
Nf6 22. dxc5 Bxc5 23. h3 Rxd1+ 24. Bxd1 Bd6 25. Rxc8+ Bxc8 26. Bxf6 Qxf6 27.
Qxf6 gxf6 28. Nd4 e5 29. Nc6 Be6 30. e4 Kf8 31. Nd8 Bd7 32. Bg4 Bxg4 33. hxg4
a5 34. Nc6 a4 35. bxa4 bxa4 36. Na5 Bb4 37. Nc4 a3 38. Nxa3 Bxa3 39. Kf1 Bc5
40. Ke2 Ke7 41. g3 Bd4 42. f4 Bg1 43. Kf3 Kd6 44. g5 fxg5 45. fxg5 Ke6 46. Kg4
Bf2 47. Kf3 Be1 48. Kg4 Ke7 49. Kh4 Kf8 50. Kh5 Kg7 51. g4 Bf2 0-1

[Event "Hastings Masters"]
[Site "?"]
[Date "2010.01.04"]
[Round "8.18"]
[White "Prosviriakov, Vladimir"]
[Black "Lock, Gavin R"]
[Result "1/2-1/2"]
[WhiteElo "2311"]
[BlackElo "2170"]
[PlyCount "146"]
[EventDate "2010.??.??"]
[SourceDate "2010.01.04"]

1. Nf3 f5 2. d4 Nf6 3. g3 g6 4. Bg2 Bg7 5. O-O O-O 6. c4 d6 7. Nc3 Nc6 8. d5
Na5 9. Qd3 e5 10. dxe6 Bxe6 11. b3 Nc6 12. Bb2 Ne4 13. Rac1 a5 14. Ba1 Bxc3 15.
Bxc3 Nxc3 16. Qxc3 Qf6 17. Qd2 Kg7 18. e3 Rfd8 19. Nd4 Nxd4 20. exd4 c6 21. d5
Bd7 22. dxc6 Bxc6 23. Bd5 Bxd5 24. Qxd5 Qf7 25. Qf3 d5 26. cxd5 Rxd5 27. Rfd1
Rad8 28. Rxd5 Rxd5 29. Rc8 Qd7 30. Qc3+ Kh6 31. Qe3+ Kg7 32. Qc3+ Kh6 33. Qc1+
g5 34. Qc4 Rd1+ 35. Kg2 Qd5+ 36. Qxd5 Rxd5 37. Rc7 b5 38. Rc6+ Kg7 39. Ra6 b4
40. Kf3 Kf7 41. Ke3 Kg7 42. h3 Kf7 43. f3 Kg7 44. f4 h6 45. h4 gxh4 46. gxh4
Rd1 47. Rxa5 Kg6 48. Rb5 Ra1 49. Rxb4 Rxa2 50. Rb6+ Kh5 51. Rf6 Ra5 52. Kd4
Kxh4 53. b4 Ra4 54. Kc5 Kg4 55. Rxh6 Kxf4 56. b5 Ra1 57. b6 Kg3 58. Rg6+ Kf3
59. b7 Rc1+ 60. Kd6 Rb1 61. Kc7 Rxb7+ 62. Kxb7 f4 63. Kc6 Ke2 64. Re6+ Kd3 65.
Rf6 Ke3 66. Kd5 f3 67. Re6+ Kd3 68. Ra6 f2 69. Ra3+ Ke2 70. Ke4 f1=Q 71. Ra2+
Ke1 72. Ra1+ Kf2 73. Rxf1+ Kxf1 1/2-1/2

[Event "Hastings Masters"]
[Site "?"]
[Date "2010.01.04"]
[Round "8.19"]
[White "De Coverly, Roger D"]
[Black "Talsma, Paul"]
[Result "0-1"]
[WhiteElo "2109"]
[BlackElo "2252"]
[PlyCount "126"]
[EventDate "2010.??.??"]
[SourceDate "2010.01.04"]

1. e4 e5 2. Nf3 Nc6 3. Bb5 a6 4. Ba4 Nf6 5. d3 d6 6. h3 g6 7. O-O Bg7 8. c3 O-O
9. Re1 b5 10. Bb3 Bb7 11. Nbd2 Nb8 12. d4 Nbd7 13. a4 Re8 14. axb5 axb5 15.
Rxa8 Qxa8 16. d5 Nc5 17. Bc2 c6 18. c4 cxd5 19. cxd5 Rc8 20. Nb3 Qa2 21. Nxc5
Rxc5 22. Bb3 Qa8 23. Bd2 Rc8 24. Bb4 Qb8 25. Qa1 Nd7 26. Qa3 Nc5 27. Bd1 Qc7
28. Nd2 f5 29. f3 Bh6 30. Kh1 Qe7 31. Nf1 Bf4 32. g3 Bh6 33. Bd2 Qf8 34. Bxh6
Qxh6 35. Kg2 b4 36. Qe3 f4 37. Qd2 Ba6 38. Be2 Bxe2 39. Rxe2 b3 40. Qb4 fxg3
41. Qd2 Qf4 42. Qd1 Rf8 43. Rd2 Ra8 44. Qe1 Ra4 45. Qxg3 Qxg3+ 46. Kxg3 Rc4 47.
Kf2 Kf7 48. Ke2 Kf6 49. h4 Rc1 50. Rd1 Rxd1 51. Kxd1 h5 52. Ke2 g5 53. hxg5+
Kxg5 54. Nd2 Kf4 55. Nc4 h4 56. Kf2 h3 57. Nxd6 Nd3+ 58. Kg1 Nxb2 59. Kh2 Kxf3
60. Kxh3 Nd3 61. Nc4 b2 62. Nxb2 Nxb2 63. d6 Nd3 0-1

[Event "Hastings Masters"]
[Site "?"]
[Date "2010.01.04"]
[Round "8.22"]
[White "O'Toole, George E"]
[Black "Collins, Sam E"]
[Result "1-0"]
[WhiteElo "2146"]
[BlackElo "2431"]
[PlyCount "113"]
[EventDate "2010.??.??"]
[SourceDate "2010.01.04"]

1. e4 c6 2. c4 e5 3. Nf3 d6 4. d4 Nd7 5. Nc3 Ngf6 6. g3 g6 7. Bg2 Bg7 8. dxe5
Nxe5 9. Nxe5 dxe5 10. Qxd8+ Kxd8 11. h3 Be6 12. b3 Nd7 13. Be3 f6 14. O-O-O Kc7
15. Na4 b6 16. Nb2 h5 17. h4 Bh6 18. Bxh6 Rxh6 19. Bh3 Nc5 20. Bxe6 Nxe6 21.
Nd3 g5 22. f4 exf4 23. gxf4 Rd8 24. hxg5 fxg5 25. f5 Nd4 26. Ne5 Rhd6 27. Rde1
Rf6 28. Rxh5 Re8 29. Rh7+ Kc8 30. Nf7 g4 31. e5 g3 32. exf6 Rxe1+ 33. Kd2 Nf3+
34. Kc3 Rd1 35. Rg7 Rd7 36. Rxg3 Rxf7 37. Rxf3 Kd7 38. Kd4 Kd6 39. Ke4 Rxf6 40.
Rd3+ Ke7 41. Ke5 Rh6 42. b4 a5 43. c5 bxc5 44. bxc5 Rh2 45. f6+ Ke8 46. Ra3 Kd7
47. Kf5 Rf2+ 48. Kg6 Ke6 49. Re3+ Kd5 50. f7 Kxc5 51. Re5+ Kd6 52. Re8 c5 53.
f8=Q+ Rxf8 54. Rxf8 Ke5 55. Ra8 c4 56. Rxa5+ Kd4 57. Ra8 1-0

[Event "Hastings Masters"]
[Site "?"]
[Date "2010.01.04"]
[Round "8.23"]
[White "Webb, Laurence E"]
[Black "Cafferty, Bernard"]
[Result "1-0"]
[WhiteElo "2321"]
[BlackElo "2141"]
[PlyCount "65"]
[EventDate "2010.??.??"]
[SourceDate "2010.01.04"]

1. e4 e6 2. d4 d5 3. e5 b6 4. c3 Qd7 5. h4 Ba6 6. Bxa6 Nxa6 7. h5 h6 8. Nf3 Ne7
9. Na3 O-O-O 10. Qe2 Kb7 11. Nc2 c5 12. a4 Nc6 13. Bf4 cxd4 14. Ncxd4 Nxd4 15.
Nxd4 Bc5 16. a5 Bxd4 17. axb6 Bxb6 18. Qxa6+ Kb8 19. O-O Qb7 20. Qd3 Rc8 21.
Ra4 d4 22. c4 g5 23. Bg3 Qd7 24. Rfa1 Rc7 25. b4 Rb7 26. Ra6 Rc8 27. f3 Bd8 28.
R1a4 Be7 29. Be1 Qc7 30. c5 Qxe5 31. Bf2 Bf6 32. c6 Rbc7 33. Bg3 1-0

[Event "Hastings Masters"]
[Site "?"]
[Date "2010.01.04"]
[Round "8.24"]
[White "Hansen, Victor"]
[Black "Druckenthaner, Andreas"]
[Result "1/2-1/2"]
[WhiteElo "2113"]
[BlackElo "2295"]
[PlyCount "67"]
[EventDate "2010.??.??"]
[SourceDate "2010.01.04"]

1. e4 e5 2. Bc4 Nc6 3. Nc3 Nf6 4. d3 Bb4 5. a3 Bxc3+ 6. bxc3 d5 7. exd5 Nxd5 8.
Qf3 Be6 9. Ne2 Qd7 10. O-O O-O-O 11. h3 f6 12. Bb5 Nde7 13. c4 a6 14. Ba4 Qe8
15. Be3 Qg6 16. Rab1 e4 17. Qxe4 Qxe4 18. dxe4 Bxc4 19. Rfe1 b5 20. Bb3 Bxe2
21. Rxe2 Nd4 22. Rd2 Nxb3 23. Rxd8+ Rxd8 24. cxb3 Nc6 25. Kf1 Re8 26. f3 f5 27.
Re1 fxe4 28. Bf2 Na5 29. Re3 c5 30. Be1 Nb7 31. fxe4 Nd6 32. e5 Nf5 33. Rc3
Rxe5 34. Bf2 1/2-1/2

[Event "Hastings Masters"]
[Site "?"]
[Date "2010.01.04"]
[Round "8.25"]
[White "Franklin, Samuel G A"]
[Black "Getz, Nicolai"]
[Result "0-1"]
[WhiteElo "2223"]
[BlackElo "2270"]
[PlyCount "80"]
[EventDate "2010.??.??"]
[SourceDate "2010.01.04"]

1. e4 e6 2. d4 d5 3. Nc3 Bb4 4. e5 c5 5. a3 Bxc3+ 6. bxc3 Qa5 7. Bd2 Qa4 8. Qg4
g6 9. Qd1 Nc6 10. Nf3 c4 11. Be2 Bd7 12. h4 h6 13. g3 O-O-O 14. Kf1 Qa5 15. Kg2
f6 16. Bf4 f5 17. Qd2 Rf8 18. Rhb1 Nd8 19. Ra2 Bc6 20. Qc1 Nf7 21. a4 Rh7 22.
Qa3 Re8 23. Qb4 Qxb4 24. cxb4 Rg7 25. Rh1 Ne7 26. Bc1 g5 27. Ne1 Reg8 28. Kf1
f4 29. g4 gxh4 30. Rxh4 Nf5 31. Rh5 Nxd4 32. Bxf4 Nxe2 33. Kxe2 Rxg4 34. Bg3 d4
35. b5 Bd5 36. Ra3 R8g5 37. Rxg5 Nxg5 38. Kf1 h5 39. f4 Nh3 40. Bh2 Nxf4 0-1

[Event "Hastings Masters"]
[Site "?"]
[Date "2010.01.04"]
[Round "8.26"]
[White "Horn, Stefan"]
[Black "Marusenko, Peter"]
[Result "0-1"]
[WhiteElo "2074"]
[BlackElo "2264"]
[PlyCount "168"]
[EventDate "2010.??.??"]
[SourceDate "2010.01.04"]

1. e4 c6 2. d3 d5 3. Nd2 g6 4. g3 Bg7 5. Bg2 Na6 6. Ne2 e5 7. O-O Nf6 8. Nc3
O-O 9. h3 Re8 10. Kh2 Nc5 11. Re1 a5 12. a4 h5 13. exd5 Nxd5 14. Nxd5 cxd5 15.
d4 exd4 16. Rxe8+ Qxe8 17. Bxd5 Bxh3 18. Bxb7 Nxb7 19. Kxh3 Qc6 20. b3 Nd6 21.
Ba3 h4 22. Qf3 Qxf3 23. Nxf3 Ne4 24. Rf1 Rc8 25. Ne1 hxg3 26. fxg3 Rc3 27. Rg1
f5 28. Bb2 Re3 29. Nd3 Ng5+ 30. Kg2 Re2+ 31. Kh1 Rxc2 32. Rg2 Rc6 33. g4 Nf3
34. gxf5 Nh4 35. Rg4 Nxf5 36. b4 axb4 37. a5 Ra6 38. Nxb4 Rxa5 39. Rxg6 Rb5 40.
Nd3 Rb3 41. Rg5 Rxd3 42. Rxf5 Rd2 43. Bxd4 Rxd4 44. Kg2 Kh7 45. Kf3 Kg6 46. Rb5
Rd6 47. Ra5 Kf6 48. Rh5 Ke6 49. Rg5 Bf6 50. Rh5 Rd4 51. Ke3 Ra4 52. Rb5 Be5 53.
Rb1 Kf5 54. Rb3 Re4+ 55. Kf3 Rg4 56. Rb1 Rg3+ 57. Kf2 Ra3 58. Rb4 Bd6 59. Rb7
Ke4 60. Rb2 Bc5+ 61. Kg2 Kf4 62. Rc2 Rg3+ 63. Kf1 Bd4 64. Rc8 Rg1+ 65. Ke2 Ke4
66. Re8+ Be5 67. Kf2 Ra1 68. Kg2 Ra2+ 69. Kh3 Rh2+ 70. Kg4 Rg2+ 71. Kh3 Rg7 72.
Ra8 Rg6 73. Ra4+ Kf5 74. Ra8 Rg3+ 75. Kh4 Rc3 76. Ra5 Rc2 77. Ra3 Rb2 78. Rf3+
Bf4 79. Ra3 Rc2 80. Rb3 Ra2 81. Rc3 Ke4 82. Rc4+ Kf3 83. Rc3+ Be3 84. Kh5 Ra6
0-1

[Event "Hastings Masters"]
[Site "?"]
[Date "2010.01.04"]
[Round "8.27"]
[White "Addison, Bret C"]
[Black "Almond, Richard J"]
[Result "1-0"]
[WhiteElo "2258"]
[BlackElo "2174"]
[PlyCount "89"]
[EventDate "2010.??.??"]
[SourceDate "2010.01.04"]

1. d4 d5 2. c4 e6 3. Nc3 Nf6 4. cxd5 exd5 5. Bg5 Be7 6. e3 O-O 7. Qc2 Nbd7 8.
Bd3 c6 9. Nge2 Re8 10. O-O Nf8 11. f3 Be6 12. Bh4 Rc8 13. Rad1 b5 14. Bf2 a6
15. a3 N6d7 16. Nf4 Nb6 17. Nxe6 fxe6 18. e4 Nc4 19. f4 Rc7 20. e5 c5 21. Bxc4
bxc4 22. f5 cxd4 23. Bxd4 exf5 24. Qxf5 Bc5 25. Bxc5 Rxc5 26. Qf7+ Kh8 27. Nxd5
Rc8 28. Kh1 Qg5 29. Nb6 Rb8 30. Nxc4 Ng6 31. Qd5 h6 32. Nd6 Kh7 33. Nxe8 Rxe8
34. e6 Qg4 35. Qf5 Qe2 36. Qf2 Rxe6 37. Qxe2 Rxe2 38. b4 Ra2 39. Ra1 Rb2 40.
Rfb1 Rc2 41. a4 Nh4 42. b5 axb5 43. axb5 Nxg2 44. b6 Ne3 45. b7 1-0